Dopasuj Europejskie państwo do stolicy - Statystyki

Ogólne statystyki
  • Ten quiz został rozwiązany 336 razy
  • Średni wynik to 33 z 46
Statystyki odpowiedzi
Hint Odpowiedź % Poprawnych
Polska Warszawa
92%
Niemcy Berlin
88%
Wielka Brytania Londyn
88%
Czechy Praga
88%
Grecja Ateny
85%
Norwegia Oslo
84%
Austria Wiedeń
84%
Andora Andora
82%
Watykan Watykan
82%
Finlandia Helsinki
81%
Białoruś Mińsk
81%
Monako Monako
80%
Dania Kopenhaga
79%
Luksemburg Luksemburg
79%
San Marino San Marino
79%
Słowacja Bratysława
78%
Szwecja Sztokholm
78%
Węgry Budapeszt
77%
Litwa Wilno
76%
Hiszpania Madryt
75%
Łotwa Ryga
75%
Portugalia Lizbona
74%
Francja Paryż
74%
Liechtenstein Vaduz
72%
Włochy Rzym
71%
Chorwacja Zagrzeb
71%
Ukraina Kijów
69%
Estonia Tallinn
69%
Holandia Amsterdam
68%
Irlandia Dublin
68%
Islandia Reykjavik
68%
Rosja Moskwa
67%
Malta Valletta
65%
Szwajcaria Berno
64%
Belgia Bruksela
64%
Rumunia Bukareszt
63%
Turcja Ankara
59%
Bośnia i Hercegowina Sarajewo
59%
Bułgaria Sofia
57%
Czarnogóra Podgorica
56%
Albania Tirana
52%
Mołdawia Kiszyniów
51%
Słowenia Lublana
48%
Serbia Belgrad
47%
Macedonia Północna Skopje
47%
Kosowo Prisztina
45%
Nie znaleziono quizów pasujących do podanych kryteriów
Rozkład punktacji
Procent ludzi z każdym wynikiem
Percentyl według liczby udzielonych odpowiedzi
Twoja historia wyników
Nie rozwiązałeś tego quizu